01463nam a22002777a 4500003000500000005001700005008004100022020003000063040002300093082002100116100002700137245009200164260005100256300005700307500018000364504005200544521001000596651001700606654015700623690001500780700012300795730002800918942008000946999001901026952014001045322820250122120937.0250122b sa ||||| |||| 00| 0 eng d a9781770 070943qPaperback aRDAbENGLISHc3228 a331.1330968 WOOL aWoolley, Robin9111925 aEveryone's guide to Black Economic Empowerment: and how to implement itcRobin Woolley. aCape Town, South Africa bZebra Press, c2005. a125 pagesbcolour illustrations: c 19 cm e1 CD-ROM a"Financial Mail"--Cover The accompanying CD-ROM includes South African government legislation, the BEE Commission report, and a Dept. of Trade and Industry strategy document. aIncludes bibliographical references (page 119). aAdult aSouth Africa 2Black Economic Empowerment (Program : South Africa) Black people—Economic conditions Business enterprises, Black Employee empowerment South Africa 20940077970 aMarlene Fryer, Robert Plummer, Ronel Richter-Herbert, Natascha Adendorff, Monique van den Berg, Valerie Kommer9191469 aFinancial Mail.9191470 2ddccBOOKw12663xPriscilla Nozizwe Mogaley12663zPriscilla Nozizwe Mogale c771752d771751 00102ddc40708300aMKHULbMKHULcNon_Fictiond2025-01-22g119.00l0o331.1330968 WOOLp33228 022948226r2025-01-22w2025-01-22yBOOK